=LDR 00000nam 2200000 4500 =001 NUTBA000000000000257 =005 20140319144145.0 =006 =007 =008 =035 ##$$0010-031400000000256 =090 ##$$a 513.9 $bJul $cm =100 ##$$a Edward H.Julius =245 ##$$a Trik dan tip berhitung yang lebih cepat =260 ##$$a Bandung $bPakar raya $c2005 =990 ##$$a 93577/BPAP-NTB/2014 =990 ##$$a 93946/BPAP-NTB/2014 =990 ##$$a 93947/BPAP-NTB/2014 =990 ##$$a 21400613/BPAP-NTB/20142014 =990 ##$$a 0001/BPAP-NTB/20142015